[Event "Petrov Memorial op"]
[Site "St Petersburg"]
[Date "1996.??.??"]
[Round "1"]
[White "Shaposhnikov, Evgeny"]
[Black "Loginov, Valery A"]
[Result "1/2-1/2"]
[WhiteElo "2320"]
[BlackElo "2525"]
[Annotator "Stohl,I"]
[PlyCount "71"]
[EventDate "1996.02.??"]
[EventType "swiss"]
[EventRounds "9"]
[EventCountry "RUS"]
[SourceTitle "CBM 052"]
[Source "ChessBase"]
[SourceDate "1996.06.01"]
[SourceVersion "1"]
[SourceVersionDate "1996.06.01"]
[SourceQuality "1"]

1. e4 c5 2. Nf3 d6 3. d4 cxd4 4. Nxd4 Nf6 5. f3 a6 (5... e5 6. Bb5+ (6. Nb3 $5
d5 7. Bg5 $36) 6... Nbd7 $13 {-B55}) 6. c4 e6 7. Nc3 b6 8. Be2 Bb7 9. O-O Nbd7
(9... Be7 $142 10. Be3 O-O {/\} 11. a4 Nc6 $1 $10) 10. Be3 Be7 11. Rc1 (11. a4
$142 $1 O-O 12. a5 d5 $5 (12... bxa5 13. Nb3 Rb8 14. Nxa5 Ba8 15. Qd2 Qc7 16.
Rfc1 (16. Rfb1 Rfd8 17. Rc1 Ne5 18. Bd4 Nfd7 19. Nd5 exd5 20. cxd5 Nc5 21. b4
Nxe4 22. fxe4 Qd7 23. Bxa6 Qg4 24. Qe2 Qxe2 25. Bxe2 Rxb4 26. Bxe5 dxe5 27. Nc6
$36 {Maksimenko,A-Lyrberg,P/Norresundby Bank/1995/}) 16... Rfc8 (16... Ne5 17.
Na4 Bc6 18. b4 Bxa4 19. Rxa4 Nfd7 20. Raa1 Rfc8 21. Nb3 Ra8 22. g3 h5 23. Kg2
Qb8 24. Rab1 Nf6 25. Nd4 Qb7 26. c5 d5 27. Bf4 Ng6 28. e5 $16 {Ivanchuk,
V-Adams,M/Dortmund/1992/}) 17. Na4 Nc5 18. b4 Nxa4 19. Rxa4 Qd7 20. Rca1 Rd8
21. Bf1 Qc7 22. Nb3 Bb7 23. Qf2 Nd7 24. Na5 Ba8 25. Ba7 Rbc8 26. Bd4 $16 {
[%csl Ra6] Gelfand,B-Smirin,I/Vilnius/1988/ This is White's most dangerous
plan-by advancing his a-pawn he seriously weakens Black's Q-side. (><a6)}) 13.
exd5 exd5 14. cxd5 Nxd5 15. Nxd5 Bxd5 16. Nf5 Be6 17. Nxe7+ Qxe7 18. axb6 Bc4
19. Bxc4 Qxe3+ 20. Kh1 Nxb6 21. Bxa6 Rfd8 22. Qe2 Nd5 23. Rfe1 Qg5 24. g3 g6
25. Bc4 Rxa1 26. Rxa1 Ne3 27. Bd3 Qc5 $14 {Sher,B-Vegh,E/Budapest Elekes/1989/}
) (11. Qd2 O-O (11... Qc7 12. Rac1 Rc8 13. Rfd1 Qb8 14. Bf1 O-O 15. Kh1 Qa8 16.
Qf2 Rfe8 17. a3 Bf8 18. b4 d5 $6 19. exd5 exd5 20. cxd5 Ne5 21. Nf5 Nxd5 22.
Nxd5 Bxd5 23. Rxc8 Rxc8 24. Bd4 f6 25. Bxb6 Rc3 26. Ne3 {Agdestein,E-Bergstad,
O/NOR-ch Steinkjer/1986/}) 12. Rfd1 Qb8 13. a4 Bd8 14. Kh1 Bc7 15. Bg1 Re8 16.
b4 Ne5 17. Nb3 d5 18. exd5 exd5 19. c5 Nc4 20. Qa2 Ne3 21. Rd3 Nf5 22. cxb6 Be5
$132 {Teske,H-Plachetka,J/AUT-chT 9596/1996/}) (11. Nb3 $6 O-O 12. Qd2 Rc8 13.
Nd4 Ne5 14. b3 d5 15. exd5 exd5 16. Nxd5 Bxd5 17. cxd5 Nxd5 18. Bxa6 Nxe3 19.
Qxe3 Bc5 20. Rad1 Ra8 21. Qxe5 Re8 22. Qf4 Rxa6 23. Kh1 Rxa2 24. Ne6 Qe7 25.
Nxc5 bxc5 26. Qe4 Qxe4 27. fxe4 f6 $15 {Beimfohr,U-Gheorghiu,F/Lenk op/1991/})
(11. b4 $5 O-O 12. Qb3 Re8 13. Rfd1 Qc7 14. Rac1 Rac8 15. a3 Qb8 16. Bf1 Bf8
17. Bf2 g6 18. Nc2 Ba8 19. Ne3 Ne5 20. Rc2 g5 21. Ne2 g4 22. Nxg4 Nexg4 23.
fxg4 Nxe4 24. Ng3 b5 25. Nh5 Be7 26. Re1 d5 27. cxd5 Bxd5 28. Qb2 $40 {Nikolic,
Pr-Velickovic,S/Vrsac/1981/}) 11... O-O 12. Qd2 (12. b4 Rc8 13. Qb3 Rc7 14.
Rfd1 Qb8 (14... Qa8 15. Na4 Rfc8 16. c5 $1 b5 17. Bxb5 axb5 18. Nxb5 dxc5 19.
Nxc7 Rxc7 20. Nxc5 Nxc5 21. Bxc5 Bxc5+ 22. Rxc5 Rxc5 23. bxc5 Bc6 24. Qb6 Ne8
25. h3 $16 {Campora,D-Dziuban,O/Biel op/1992/}) 15. a4 Rfc8 16. Nc2 Ba8 17. Na3
h6 18. Bf1 g5 19. Rc2 Ne5 20. Bd4 Nc6 21. Bf2 Ne5 22. Rcd2 Ne8 23. Na2 Qb7 24.
Qe3 Rb8 25. Rb1 Qc8 26. Nc1 Bf6 $13 {Ljubojevic,L-Seirawan,Y/Roquebrune rapid/
1992/}) 12... Rc8 13. b4 $146 (13. Rfd1 $5 Qc7 14. Bf1 Rfe8 15. Kh1 Qb8 16. b4
(16. Qf2 Bd8 17. Nb3 Bc7 18. Be2 $10 {1/2/Berezjuk,S-Agrest,E/Pinsk/1993/})
16... Bd8 17. Nb3 Bc7 18. Bf4 Ne5 19. Bxe5 dxe5 20. c5 b5 21. a4 bxa4 22. Nxa4
Rcd8 23. Qe3 Rxd1 24. Rxd1 Rd8 25. Rc1 $16 {Stohl,I-Ward,C/Isle of Man op/1994/
}) 13... Re8 14. Rfd1 (14. a3 $5 Qc7 (14... Ne5 15. Na4 d5 $6 16. exd5 exd5 17.
c5 bxc5 18. Nxc5 $16) 15. Rfd1 Qb8 16. Bf1 {[%csl Rb6,Rd6][%cal Ye7d8,Yd8c7,
Yd6d5,Yg8h8,Ye8g8,Yg7g4,Rc4c5] () A typical hedgehog position. White's plan is
to attack the Q-side, (b6,d6, a c4-c5 breakthrough) Black would like to force
the freeing d5 at a suitable moment, (preparing it with Be7-d8) possibly gain
counterplay on the other flank with Kh8,Rg8,g5-g4. White's space advantage
should give him a slight edge. This can be seen also in the previous practical
examples.}) 14... d5 $1 $132 {Here the braek is tactically justified and
enables Black to equalize.} 15. cxd5 exd5 (15... Bxb4 16. dxe6 fxe6 17. Qb2 $16
{[%csl Rb6,Re6][%cal Gd1d8] ><e6,b6,|^<->d}) 16. Nxd5 (16. exd5 $2 Bxb4 $40 {
[%csl Rd5] ><d5}) 16... Nxd5 (16... Rxc1 $2 17. Nxe7+ $18) (16... Bxd5 17. exd5
Nxd5 18. Nc6 Rxc6 19. Qxd5 $1 (19. Rxc6 Nxe3 20. Qxe3 Bc5 $1 $19) 19... Rd6 (
19... Rxc1 20. Bxc1 Bxb4 21. Bxa6 $36) 20. Qb3 $14 {[%csl Ge2,Ge3] ^^}) 17.
exd5 Bxb4 (17... Rxc1 18. Qxc1 $1 {[%cal Rd4c6] /\Nc6+-}) (17... Bxd5 18. Nf5
$16 {[%csl Ra6][%cal Gd1d8] <->d,><a6}) 18. Qxb4 Rxe3 19. Rxc8 (19. Nc6 Qf8 (
19... Qe8 20. Bf1 $14) 20. Qd2 Rce8 {[%cal Rf8d6] /\Qd6=}) 19... Qxc8 20. Bf1
Qc5 $1 21. Qxc5 Nxc5 (21... bxc5 $6 22. Nb3 $36 {[%cal Rb3a5] /\Na5}) 22. d6 (
22. Nc6 Kf8 $15) 22... Re8 $10 23. Rb1 Nd7 (23... b5 $2 24. Rc1 $16) 24. Rc1
Nc5 (24... Rc8 25. Rc7 $1 Rxc7 26. dxc7 $18 {[%csl Gc7][%cal Rd4f5,Rf5d6,Rd4c6,
Rc6a7] o^c7,/\Nf5-d6,Nc6-a7}) 25. Rb1 Nd7 26. g3 (26. Rc1 $10) 26... Rd8 27.
Bh3 {/\Bd7} b5 $8 28. a4 (28. Rc1 Nf8 $1 29. Nf5 (29. Rc7 Rxd6 $17) 29... g6
30. Nh6+ Kg7 31. Nxf7 Kxf7 32. Rc7+ Kf6 33. Rxb7 Rxd6 $10) 28... Nf8 $1 29.
axb5 Rxd6 30. bxa6 (30. b6 $6 g6 $15 {[%csl Rb6][%cal Rf7f5,Rf8d7] /\f5,Nd7,
><b6}) 30... Bxa6 31. Nf5 Rd8 32. Rb2 g6 33. Ne3 Re8 34. Kf2 Bc8 35. Bxc8 Rxc8
36. Rc2 1/2-1/2

[Event "Nordic-ch"]
[Site "Aarhus"]
[Date "2003.09.06"]
[Round "1"]
[White "Agrest, Evgenij"]
[Black "Kallio, Heikki"]
[Result "1-0"]
[WhiteElo "2605"]
[BlackElo "2471"]
[Annotator "Stohl,I"]
[PlyCount "81"]
[EventDate "2003.09.06"]
[EventType "tourn"]
[EventRounds "11"]
[EventCountry "DEN"]
[EventCategory "10"]
[SourceTitle "CBM 098"]
[Source "ChessBase"]
[SourceDate "2004.02.03"]
[SourceVersion "1"]
[SourceVersionDate "2004.02.03"]
[SourceQuality "1"]

1. c4 Nf6 2. Nc3 c5 3. Nf3 g6 4. d4 cxd4 5. Nxd4 Bg7 6. e4 O-O 7. Be2 d6 8. O-O
Nbd7 $6 (8... Nc6 $142 9. Be3 Bd7 {-B38} 10. Qd2 Nxd4 11. Bxd4 Bc6 12. f3 $14 {
leads to Maroczy Bind positions, which are quite pleasant for White, but
definitely better, than the version Black goes for.}) 9. Kh1 {A rare move. The
most logical continuation is} (9. Be3 {, which occured already in games by the
greats of the past:} Nc5 10. f3 Bd7 (10... b6 11. Qd2 Bb7 12. Rfd1 Ne6 13. Rac1
Qd7 14. Ndb5 Ne8 15. Nd5 N8c7 16. Nbc3 Nxd5 17. cxd5 Nc7 18. a4 Ba6 19. b4 Bxe2
20. Nxe2 Na6 21. Nd4 Bxd4 22. Qxd4 Rfc8 23. Rc6 $16 {Levenfish,G-Lisitsin,G/
Moscow/1935/}) 11. b4 (11. Qd2 Rc8 12. Rfd1 a6 13. Rac1 Ne6 14. b3 Nh5 15. Nxe6
Bxe6 16. Na4 Rc6 17. f4 Nf6 18. Bf3 Ng4 19. e5 Nxe3 20. Qxe3 Rc7 21. c5 $16 {
Capablanca,J-Yates,F/Bad Kissingen/1928/}) 11... Ne6 12. Qd2 a5 13. a3 Nh5 14.
Rfd1 Nhf4 15. Bf1 Nxd4 16. Bxd4 Ne6 17. Be3 $5 f5 18. exf5 Rxf5 19. Rac1 axb4
20. axb4 Nf8 21. Bd3 Rh5 22. Ne4 Ra3 23. Ng3 Rh4 24. Be4 Rxe3 25. Qxe3 Bh6 26.
Qf2 Bxc1 27. Rxc1 Bc6 28. Ra1 $36 {Portisch,L-Ljubojevic,L/Moscow EU-chT/1977/}
) ({Another interesting idea is} 9. Re1 $5 Nc5 10. Bf1 $14) 9... Nc5 10. f3 Bd7
11. Be3 Ne6 (11... a6 12. Rc1 Rc8 13. Qd2 Ne6 14. b3 Re8 15. Nxe6 fxe6 16. f4
Qa5 17. b4 $1 $36 Qc7 18. c5 Bc6 19. Bf3 Rcd8 20. cxd6 $2 (20. Qf2 $1 $16)
20... exd6 21. Qf2 Qe7 22. Rfd1 e5 23. Bb6 Rc8 $11 {Szurovszky,E-Parkanyi,A/
Miskolc/1998/}) 12. Qd2 (12. Nc2 $5 {() also deserves attention, with a space
advantage it makes sense to avoid exchanges.}) 12... Nxd4 13. Bxd4 Bc6 {
Simple comparison with the note to move 8 shows us Black is a couple of tempi
down on the B38 positions-this allows White to show more ambitions and increse
his ().} 14. b4 $1 $36 b6 15. Rad1 a5 16. a3 axb4 17. axb4 Nd7 18. Bxg7 $1 {
A logical consequence of Black's loss of time. Often in the B38 positions
White avoids this exchange and plays in the [+] and on the <<, here Agrest
already with his 15-th move indicates he wants to attack Black's K. In the
game he will realize his plan in an energetic and straightforward manner.} (18.
Bg1 Ra3 19. Nd5 Rb3 $5 $14 (19... e6 $2 20. Nxb6 $1 Nxb6 21. Qxd6 $18)) 18...
Kxg7 19. f4 $40 {[%mdl 128]} f6 (19... Kg8 20. e5 $1 dxe5 $2 21. b5 $18) (19...
Ra7 20. Bg4 $5 $16) 20. Bd3 (20. Nd5 Bxd5 21. exd5 $16) 20... Ra7 {Black seeks
<=> on the <->a, but this is too far from the main scene of action to be
effective.} (20... Qc7 21. Nd5 $16) ({Passivity was somewhat more resilient-} 
20... Kh8 $142) 21. Rf3 Qc7 22. Rg3 Rfa8 23. h4 $1 Ra1 (23... h6 $6 24. e5 $16
{->}) 24. h5 Nf8 25. Kh2 $5 {Important prophylaxis, White first safeguards his
K against any back rank checks.} Rxd1 {Now White's N moves closer to the >>,
but the immediate} (25... e6 {allows} 26. Bb1 $1 $16 {[%csl Rd6] ><d6 avoiding
the exchange or R and targeting the Pd6.}) 26. Nxd1 e6 27. Ne3 Bd7 (27... Qe7
$142 28. f5 $16 {is unpleasant, but in the game it will take the Q 2 moves to
get to e7.} (28. Ng4 f5 $1 $132 {/\} 29. exf5 $2 Qh4+ $19)) 28. Ng4 {[%cal
Rf4f5,Re4e5] /\f5,e5->} (28. f5 g5 $5 $16) 28... Qd8 (28... gxh5 29. Ne5+ (29.
Nxf6+ $5 Kxf6 30. f5 $40 Qd8 31. Be2 $1 $18) 29... Ng6 $1 30. Nxd7 Qxd7 31. f5
h4 32. Rg4 exf5 33. exf5 {[%cal Rd2f4] /\Qf4+-} Kh8 34. Qh6 $18) 29. Be2 Qe7
30. hxg6 hxg6 (30... Nxg6 31. e5 $1 dxe5 32. fxe5 fxe5 (32... f5 33. Qh6+ Kh8
34. Nf6 {[%cal Rg3g6,Rg3h3] /\Rg6,Rh3+-} Be8 35. Nxe8 Qxe8 36. Bh5 $18) 33.
Nxe5 Be8 34. Qd4 Qf6 35. Bd3 $16 {/+-}) 31. e5 $1 $18 {The decisive break, now
the -> is irresistible.} dxe5 (31... f5 32. exd6 Qh4+ 33. Rh3 $18) 32. fxe5
fxe5 (32... f5 33. Qh6+ Kf7 34. Nf6 Qxb4 35. Rxg6 $1 Nxg6 36. Qh7+ Kf8 37. Qg8+
Ke7 38. Qg7+ Kd8 39. Qxd7#) 33. Qh6+ Kg8 (33... Kf7 34. Rf3+ Ke8 35. Nf6+ Kd8
36. Ng8 $18) 34. Rf3 ({The text wins, but even stronger was} 34. Rh3 $5 Qg7 35.
Qh4 Kf7 (35... Nh7 36. Qxh7+ Qxh7 37. Nf6+ $18) 36. Rf3+ Ke8 37. Nf6+ Ke7 38.
Nh5+ g5 39. Qe4 $18) 34... e4 (34... Nh7 35. Qxg6+ Qg7 36. Qh5 Be8 37. Nh6+ Kh8
38. Nf7+ Kg8 39. Rg3 Qxg3+ 40. Kxg3 Bxf7 41. Qxe5 $18) 35. Nf6+ Kf7 36. Nxe4+
Ke8 37. c5 $1 {[%cal Re4d6] /\Nd6+-} bxc5 38. bxc5 Nh7 (38... Ra5 39. Nd6+ (39.
Qf4 $18) 39... Qxd6+ 40. cxd6 Rh5+ 41. Qxh5 gxh5 42. Rf6 $18) 39. Nd6+ Kd8 40.
Rf7 Qg5 41. Qxg5+ (41. Qxg5+ Nxg5 42. Rf8+ $18) (41. Rxd7+ $1 Kxd7 42. Qxh7+
Kc6 43. Qb7+ Kxc5 44. Ne4+ $18) 1-0

[Event "ESP-chT"]
[Site "Sanxenxo"]
[Date "2004.11.24"]
[Round "7"]
[White "Malakhov, Vladimir"]
[Black "Corral Blanco, Juan Antonio"]
[Result "1-0"]
[WhiteElo "2664"]
[BlackElo "2446"]
[Annotator "Stohl,I"]
[PlyCount "135"]
[EventDate "2004.11.18"]
[EventType "team"]
[EventRounds "9"]
[EventCountry "ESP"]
[SourceTitle "CBM 105"]
[Source "ChessBase"]
[SourceDate "2005.04.11"]
[SourceVersion "1"]
[SourceVersionDate "2005.04.11"]
[SourceQuality "1"]

1. c4 c5 2. Nf3 b6 3. Nc3 e6 4. d4 cxd4 5. Nxd4 a6 6. e4 d6 7. Be2 Bb7 8. O-O
Nf6 9. f3 Be7 10. Be3 O-O $1 (10... Nbd7 $143 $6 11. a4 $1 {[%csl Ra6,Rb6]
[%cal Ra4a5] /\a5|^,׫}) 11. Rc1 (11. a4 Nc6 $132) 11... Nbd7 12. Qd2 Re8 {
Black may well do without this move altogether in the future, playing Kh8 and
directly Rg8,g5 later on. More flexible is} (12... Rc8) 13. Rfd1 Qb8 {
Immediately starts the typical manoeuvre with doubling on the b8-h2 diagonal,
but again more usual is activating the Ra8 first. In the game Black's pieces
will get into a tangle and he won't be able to exploit the weakening h3.} (
13... Rc8 14. Bf1 Qc7 15. Kh1 Qb8 16. b4 $5 Ne5 $1 (16... Bd8 17. Nb3 Bc7 18.
Bf4 $1 $36) (16... Kh8 $5) 17. Na4 Nfd7 $132) 14. Bf1 (14. Kh1 Bf8 15. Bf1 g6 (
15... d5 16. cxd5 exd5 17. exd5 Nxd5 18. Nxd5 Bxd5 19. Nc6 Bxc6 20. Rxc6 $36)
16. a3 Ra7 17. b4 (17. Nc2 {/\b4|^}) 17... d5 18. cxd5 exd5 19. exd5 (19. Bf4
$1 Qa8 20. exd5 Nxd5 21. Nxd5 Bxd5 22. Nb5 axb5 23. Qxd5 $16) 19... Nxd5 20.
Nxd5 Bxd5 21. Bc4 (21. Nc6 $14) 21... Qa8 22. Bxd5 Qxd5 23. Nc6 Qxd2 24. Bxd2
Rb7 25. Bf4 Bg7 26. g4 Nf8 27. Re1 Rxe1+ 28. Rxe1 Ne6 {1/2,Molnar,B-Eperjesi,L/
Seefeld/2003/}) 14... Bd8 15. Kh1 Bc7 16. h3 Qd8 (16... d5 17. exd5 exd5 18.
cxd5 Nxd5 (18... Rxe3 19. Qxe3 Bf4 20. Qe7 Bxc1 21. Rxc1 Qf4 22. Rd1 Re8 23.
Nde2 $1 $16 {retains the extra P.}) 19. Nxd5 Bxd5 20. Nc6 Bxc6 21. Rxc6 Ne5 22.
Rc3 $14) 17. Qf2 Rc8 18. Nde2 $14 {[%csl Rd8] ףd8 White has stopped ideas,
connected with d5 and Black still has problems deploying his major pieces -
his Q is potentially exposed on d8.} Bb8 19. b3 Qc7 {[%csl Rb8][%cal Rd6d5] /
\d5,ץb8 The Q leaves the <->d, but this shuts out the Bb8.} 20. Bf4 $1 Ne5 (
20... Qc5 $5 21. Qe1 $14 (21. Qxc5 $6 dxc5 22. Bxb8 Rxb8 $11)) 21. Bh2 {
[%cal Yh2g1,Yc3a4] ><b6,/\Bg1,Na4} Ba8 22. Nf4 (22. f4 $6 Ng6 {[%csl Re4]
<=>><e4}) 22... Ba7 23. Qd2 Red8 24. Nd3 $1 $36 {[%csl Ge5][%mdl 36] Exchanges
the active Ne5. In the following phase Malakhov continues his strategic
manoeuvring, he increases his () and forces further concessions, tying Black
down to his weaknesses. Further passive play allows White to create a model
anti-Hedgehog game.} Nxd3 (24... Bb7 $2 25. Nxe5 dxe5 26. Bxe5 $1 Rxd2 27. Bxc7
$18) (24... Nfd7 $6 25. c5 $1 bxc5 26. Nxe5 dxe5 (26... Nxe5 27. Bxa6 Rb8 28.
Nb5 $16) 27. Qd6 $44 {|^}) (24... Ned7 $2 25. Nb4 $16) 25. Qxd3 Ne8 (25... Bb8
$142) 26. b4 Qe7 27. a3 h5 28. Bg1 Nf6 29. b5 $5 {[%csl Rb6] ()><b6} a5 $6 {
Too passive.} (29... Bb7 30. bxa6 (30. Qd2 $5 $16) 30... Bxa6 31. Nb5 $36) 30.
Na4 Qc7 31. Qd2 Rb8 32. Qg5 {Pins the N to the Ph5, now White piles up on the
<->d, forcing the weakening e5.} Rd7 33. Bh2 Qd8 34. Rc2 {[%cal Yc2d2,Gd1d8] /
\Rcd2,<->d} Rc8 35. Rcd2 e5 $8 {[%csl Rb6,Rd6] ><d6,b6} (35... Bb8 $2 36. e5 $1
dxe5 37. Rxd7 Nxd7 38. Qxd8+ Rxd8 39. Nxb6 $18) 36. Bg1 $16 {Now White again
targets b6, tying down Black's major pieces. Then he proceeds to gradually
prepare the opening of the >> with f4.} Rb8 37. Be3 Qe7 38. Ra2 $1 {Prevents a
possible d5.} Qe6 39. Qh4 g6 40. Qf2 Rdb7 $8 {[%csl Ra7,Ra8,Rb7,Rb8] Black's
<< pieces paint a sorry picture.} 41. Rad2 Ne8 $8 42. Qg3 (42. Nc3 $5 {[%cal
Rc3d5,Yf3f4] /\Nd5,f4|^}) 42... Rc7 43. Rc2 Qe7 44. Qf2 Rcb7 45. Bd3 Ng7 46.
Rcd2 h4 (46... Ne6 47. Bf1 h4 $5 (47... Nc5 48. Nxc5 dxc5 49. h4 {[%cal Rg2g3,
Rf1h3,Gd1d8] <->d,/\g3,Bh3,+-}) 48. Rxd6 Nd4 49. Rd5 Rc7 50. Rxe5 Qxe5 51. Bxd4
$18) 47. Bb1 Ne8 48. f4 $1 $40 {Crowns White's play. Black's cornered pieces
can't cope with this break and he is helpless.} Qf6 (48... exf4 49. Qxf4 Rc7
50. Qh6 $5 Rxc4 51. Bd4 $18) 49. fxe5 dxe5 (49... Qxf2 50. Bxf2 dxe5 51. Bxh4
$18) 50. Qxf6 Nxf6 51. Bg5 Kg7 52. Rd6 (52. Rd8 Rxd8 53. Rxd8 Bb8 54. Bxh4 $18)
52... Nh7 (52... Ne8 $142 53. Rd8 Nc7 54. Bxh4 Ne6) 53. Bxh4 Rc8 54. Rd8 $1
Rbc7 (54... Rxc4 $2 55. Nb2 $18) 55. Rxc8 Rxc8 56. Rd8 Rxd8 57. Bxd8 $18 {
[%csl Rb6] ><b6 In the end both of Black's ק drop off.} Nf6 58. Bxb6 Bxb6 59.
Nxb6 Bxe4 60. Bxe4 Nxe4 61. Nd7 {[%csl Gb5,Gc4] o^<< The simple final
phase-White queens his P.} Nd6 62. b6 e4 63. c5 e3 64. Ne5 (64. Kg1 Ne4 65. Kf1
$18) 64... e2 (64... Nc4 65. b7 $18) 65. Nf3 Nf5 66. b7 Nd4 67. b8=Q Nxf3 68.
Qb2+ 1-0

[Event "USA-ch"]
[Site "Key West"]
[Date "1994.??.??"]
[Round "4"]
[White "Yermolinsky, Alex"]
[Black "De Firmian, Nick E"]
[Result "1-0"]
[WhiteElo "2590"]
[BlackElo "2565"]
[Annotator "Stohl,I"]
[PlyCount "97"]
[EventDate "1994.10.??"]
[EventType "tourn"]
[EventRounds "13"]
[EventCountry "USA"]
[EventCategory "13"]
[SourceTitle "CBM 044"]
[Source "ChessBase"]
[SourceDate "1995.02.01"]
[SourceVersion "1"]
[SourceVersionDate "1995.02.01"]
[SourceQuality "1"]

1. Nf3 c5 2. c4 Nc6 3. d4 cxd4 4. Nxd4 Nf6 5. g3 Qb6 (5... g6 6. Bg2 Bg7 7. Nc3
{-A39}) (5... e6 6. Bg2 Bc5 {-A32} 7. Nb3 Be7 8. Nc3 O-O 9. Bf4 d5 10. cxd5
Nxd5 11. Nxd5 exd5 12. O-O Bf6 13. Qxd5 Bxb2 14. Rab1 Ba3 15. Qb5 Qb6 16. Qa4
Qb4 17. Qxb4 Bxb4 18. Na1 Ba5 19. Nc2 Bb6 20. Ne3 Re8 21. Rb2 Be6 22. Nd5 Bxd5
23. Bxd5 Rad8 $14 {Tregubov,P-Kuzmin,G/Alushta3/1993/}) 6. Nc2 Ne5 $6 (6... e6
7. Bg2 Ne5 $6 8. b3 Be7 9. O-O O-O 10. Nc3 d6 11. e4 Bd7 12. Kh1 Rfd8 13. f4
Ng6 14. Bb2 Rac8 15. Qe2 a5 16. Rab1 Be8 17. Ne3 Bc6 18. Qf2 Nd7 19. Ba1 Nc5
20. Ng4 Qc7 21. Rbd1 $36 {->>>,Hauchard,A-Fayard,A/FRA-ch/1991/}) (6... d6 7.
Bg2 g6 8. Nc3 Bg7 9. O-O O-O 10. b3 Be6 11. e4 Bg4 12. Qe1 Rac8 13. h3 Bd7 14.
Be3 Qa5 15. Nd5 Qxe1 16. Rfxe1 Ne8 17. Rad1 Nc7 18. f4 Rfd8 19. Re2 $14 {
(),Kramnik,V-Kamsky,G/New York PCA-m 6/1994/}) 7. b3 Qc6 8. f3 {()} e6 (8... d5
$2 9. Nb4) 9. Bb2 Qc7 10. Nc3 $1 (10. Bg2 Bc5 11. Bd4 d5 12. f4 Bxd4 13. Qxd4
Nc6 14. Qc3 O-O 15. Nd2 Rd8 16. O-O b5 17. cxb5 Qb6+ 18. e3 Qxb5 19. Rfc1 Bd7
20. Nd4 Nxd4 21. Qxd4 a5 22. Rc5 Qb7 23. Rac1 Qb4 $132 {Kabatenski,A-Schlosser,
P/Munich/1992/}) 10... a6 11. Bg2 $32 d6 (11... Bc5 12. Na4 Ba7 13. c5 $5 $44)
12. f4 Ng6 13. O-O Rb8 14. Ne4 $1 Be7 (14... Nxe4 15. Bxe4 {/\f5->} f5 16. Bg2
Bd7 17. e4 $16) 15. Nxf6+ Bxf6 16. Bxf6 gxf6 17. Nd4 $6 (17. f5 $1 $16 {ק})
17... f5 18. e3 (18. e4 $5 $36) 18... Bd7 19. Rc1 O-O 20. Rf2 Rbd8 (20... Bc6
21. Bxc6 bxc6 22. c5 $1 d5 23. g4 $36 {><c6}) 21. Qf3 b5 22. Rfc2 bxc4 (22...
Qb6 $5 $14) 23. Rxc4 Qa5 (23... Qb6 24. Rc7 {/\Nc6} Rc8 25. Qb7 $1 $16 {_|_><a6
}) 24. Qe2 d5 25. R4c2 Rc8 26. Bf1 $1 {><a6} Rxc2 27. Rxc2 Ra8 28. Kf2 {
/\Qe1-c1,<->c} Qb6 29. Qd2 a5 (29... Rc8 30. Rxc8+ Bxc8 31. Qc3 Bd7 32. b4 $16)
30. Bd3 Ne7 (30... Rc8 $142 $5) 31. Qc1 Ra7 32. Qa3 Qb4 33. Qb2 f6 (33... Qd6
34. Qc3 $16) 34. Be2 Kf7 35. h3 $1 Nc8 36. g4 fxg4 (36... Nd6 37. Bf3 $16) 37.
hxg4 Nd6 38. Bf3 Nb5 (38... a4 $5 {/\} 39. a3 Qb6 40. b4 Nc4 $132) 39. Nxb5
Bxb5 40. Rc8 $1 $40 Rd7 (40... a4 $142 $5 41. g5 d4 $16) 41. a3 Qd6 42. Qc2 $1
$18 Kg7 43. a4 d4 (43... Ba6 44. Rc6 $18) 44. axb5 dxe3+ 45. Kg3 Qb4 (45... Qd2
46. Qxd2 exd2 47. Bd1 $18) 46. Rg8+ $1 Kxg8 47. Qc8+ Kg7 48. Qxd7+ Kh6 49. g5+
(49. g5+ fxg5 50. Qxe6+ Kg7 51. Qe5+ $18) 1-0